00745cam a2200217 a 450000100100000000500170001000800410002702000150006804000250008308200170010810000330012524500480015826000440020630000280025049000180027850400280029665000250032465100430034995201200039299900150051200000150920200929145613.0730220s1964 nyua b 000 0 eng d a0385032404 aDO-SdBNPbspacBNPHU a915.2bS642j1 aSmith, Bradley,d1910-9498210aJapan :ba history in art /cBradley Smith. aNew York :bDoubleday & Company,c1964. a295 p. :bil. ;c33 cm.0 aA Gemini book aBibliografía: p. 295. 0aArt, japanese.94983 0aJapanxHistoryxPictorial Works.94984 001054708MOaGRbGRcCTd2009-09-22iLF1l0o915.2 S642jp1509-10r2020-06-25w2020-06-25y4ZPréstamo en sala c1413d1413